Справедлива песен (Запис номер 185136)
[ съкратено ]
| 000 -Лидер | |
|---|---|
| Контролно поле с фиксирана дължина | 01204nam a2200313 c 4500 |
| 003 - Код на организацията, давaща контролен номер | |
| Контролно поле | BLK |
| 005 - Дата и час на последна редакция | |
| Контролно поле | 20180422115406.0 |
| 008 - Елементи от данни с фиксирана дължина | |
| fixed length control field | 180411b bul|||||r ||||||| ||bul|| |
| 010 ## - Наследен системен номер | |
| LC control number | KNG00194125000 |
| 040 ## - Източник на каталожния запис | |
| Идентификатор на билиотеката - собственик на записа | BLK |
| 041 ## - Код за език | |
| Код за езика на текст/звукозапис или на отделно заглавие | Български |
| Код за езика КДБФ | Български |
| 080 ## - УДК | |
| Текстов определител УДК | Руска литература |
| УДК код - определител по УДК | 821.161.1 |
| УДК определител | -1 |
| УДК - код + определител | 821.161.1-1 |
| 100 1# - Редна дума - Автор | |
| Автор | Емин, Кеворк |
| Авторска отговорност | първи автор |
| R(LIN) | 292204 |
| 139 ## - Редно поле | |
| Редна дума | Емин, Кеворк |
| Авторски знак | Еми - Е 60 |
| 245 10 - Сведения за заглавието | |
| Заглавие | Справедлива песен |
| Подзаглавни данни | Сб. стихотворения |
| Редно поле (дума) | Кеворк Емин; прев. от арм. Севда Севан; прев. от арм. Гаро Хайрабедян. |
| 257 ## - Страна на издаване | |
| Страна на създаване/издаване | България |
| 260 ## - Област на издателските данни | |
| -- | София |
| Име на издателя, разпространителя и проч. | Нар. култура |
| Година на издаване | 1979 |
| 300 ## - Физическа характеристика | |
| Страници | 63 с. |
| Размери/Мащаб | 17 см |
| 380 ## - Жанр | |
| Жанр | Худож. лит. |
| 490 1# - СЕРИИ (Колекции) | |
| Име на серия | Поетичен глобус |
| 500 ## - Общи забележки | |
| Забележка | 1 125 тир. |
| 700 1# - Други автори (авторска отговорност) | |
| Лично име | Севан, Севда |
| Автороска отговорност (Описва отношението между автора и произведението) | прев. от арм. |
| Друга информация | Бахчеджян, Франсухи Кеворк |
| 9 (RLIN) | 119320 |
| 700 1# - Други автори (авторска отговорност) | |
| Лично име | Хайрабедян, Гаро |
| Автороска отговорност (Описва отношението между автора и произведението) | прев. от арм. |
| 9 (RLIN) | 377176 |
| 852 ## - Местоположение | |
| Форматна сигнатура | Цб І 17071 |
| 856 4# - Електронен адрес и достъп | |
| Електронен формат | pdf - файл |
| Път до файла /url/ | |
| 856 4# - Електронен адрес и достъп | |
| Електронен формат | pdf - файл |
| Път до файла /url/ | |
| 942 ## - АРТИКУЛИ | |
| Вид на библиотечния материал | Книги |
| Скрит в OPAC | Не |
| 944 ## - СЪЗДАВАНЕ И РЕДАКЦИЯ на ЗАПИСА | |
| Създаване/Редакция | Създаване |
| Дата на регистрацията/редакция | 20.10.2016 |
| Служител, извършил регистрацията/редакцията | Любка_Николова |
| 944 ## - СЪЗДАВАНЕ И РЕДАКЦИЯ на ЗАПИСА | |
| Създаване/Редакция | Редакция |
| Дата на регистрацията/редакция | 20.10.2016 |
| Служител, извършил регистрацията/редакцията | Любка_Николова |
| 999 ## - СИСТЕМНИ КОНТРОЛНИ НОМЕРА | |
| Koha biblionumber | 185136 |
| Koha biblioitemnumber | 185136 |
| Код за отписване | Код за изгубен артикул | Източник на класификационната схема | Код за повреда | Коз за рестрикции | Код за отдаване | Артикулен № | Име на библиотеката - собственик | Име на библиотеката, в която се намира в момента | Статус (Текущо местоположение) | Дата на вписване в системата | Местоположение - отдел | Цена в лева | Инвентарен номер | Систематично азбучна сигнатура | Баркод | Номер на екземпляра | Цена в евро | Служебна бележка | Служебен тип на артикула |
|---|---|---|---|---|---|---|---|---|---|---|---|---|---|---|---|---|---|---|---|
| Не е изгубен | Universal Decimal Classification | Не е повреден | без рестрикции | ползва се в читалня | 320495 | Регионална библиотека "Любен Каравелов" Русе | Регионална библиотека "Любен Каравелов" Русе | Хранилище | 1979-01-01 | Хранилище | 0.30 | 277387 | Цб І 17071 | 120000277387 | 1 | 0.15 | Вид: Сф N: стар фонд Дата: 01.01.1979 | Книги | |
| Изтеглен | Не е изгубен | Universal Decimal Classification | Не е повреден | без рестрикции | заемане за дома | 320496 | Регионална библиотека "Любен Каравелов" Русе | Регионална библиотека "Любен Каравелов" Русе | Заемна - подръчен фонд | 1979-01-01 | Заемна - подръчен фонд | 0.30 | 278304 | П 882-1/Е 60 | 278304 | 2 | 0.15 | Вид: Сф N: стар фонд Дата: 01.01.1979 Дата инв: 09.02.2018 Бележки инв: П2018 | Книги |